| 000 | 00919nam a22002771 4500 | ||
|---|---|---|---|
| 001 | 6598 | ||
| 003 | BD-RjUL | ||
| 005 | 20211208234256.0 | ||
| 008 | 140111s1965 stka 001 0 eng | ||
| 035 | _a(BD-RjUL)6639 | ||
| 040 |
_aDLC/ICU _cICU _dDLC _beng |
||
| 041 | _aeng | ||
| 082 | 0 | 0 |
_a512.8 _bPAE 1965 |
| 100 | 1 |
_aPatterson, E. M. _q(Edward M'William) _920758 |
|
| 245 | 1 | 0 |
_aElementary abstract algebra / _cE.M. Patterson and D.E. Rutherford. |
| 260 |
_aEdinburgh ; _aLondon ; _aNew York : _bOliver & Boyd ; _bInterscience, _cc1965. |
||
| 300 |
_aviii, 211 p : _btables, diagrs. ; _c18 cm. |
||
| 500 | _aWith solutions to exercises. | ||
| 504 | _aIncludes index. | ||
| 650 | 0 |
_aAlgebra, Abstract. _920760 |
|
| 700 | 1 |
_aRutherford, D. E. _q(Daniel Edwin), _d1906- _ejoint author. _920761 |
|
| 942 |
_2ddc _cBK |
||
| 999 |
_c6598 _d6598 |
||